Responses for show #7042 - Tuesday, April 7, 2015

Kerry Greene game 5.

Contestants

[<< previous game]

Evan Bick, a graduate student in psychology from Cambridge, Massachusetts

Jan Schwartzberg, an information manager from Ithaca, New York

Kerry Greene, a volunteer guardian ad litem from Manchester, New Hampshire (whose 4-day cash winnings total $89,600)

[next game >>]

Jeopardy! Round responses

2015 DATES ON THE CALENDAR
FRENCH FIRST NAMES
FILM SCHOOL
WE LOVE YOU, TORONTO!
(Alex: And because it's Passover...)
THE BOOK OF EXODUS
TIME TO "GO"
    $200 26
a sheep

Kerry
    $200 1
René

Jan
    $200 4
Legally Blonde

Kerry
    $200 16
Ontario

Evan
    $200 21
Pharaoh

Evan
    $200 10
go fish

Jan
    $400 27
(Kerry: What is April 19th?)

September 11th

KerryEvan
    $400 2
Claude

Jan
    $400 5
Adam Sandler

Kerry
    $400 17
hockey

Kerry
    $400 22
(Alex: There will be [*], yes.)

blood

Evan
    $400 14
a gopher

Kerry
    $600 28
Hanukkah

Jan
    $600 3
Jean

Evan
    $600 6
The Social Network

Evan
    $600 18
a beach

Kerry
    $3,000 23
Egypt & Israel

Evan
    $600 9
a gold digger

Kerry
    $800 29
Father's Day

Kerry
    $800 11
Pierre

Evan
    $800 7
Old School

Evan
    $800 19
the Maple Leaf

Triple Stumper
    $800 24
the Red Sea

Evan
    $800 12
the golem

Kerry
    $1000 30
(Evan: What is Memorial Day?)

National Armed Forces Day

KerryEvan
    $1000 13
Auguste

Jan
    $1000 8
Good Will Hunting

Evan
    $1000 20
Sunday

Evan
    $1000 25
a serpent

Jan
    $1000 15
Gorbachev

Evan

Scores at the first commercial break (after clue 15):

Kerry Jan Evan
$2,400 $1,800 $4,800

Scores at the end of the Jeopardy! Round:

Kerry Jan Evan
$5,000 $3,400 $9,800

Double Jeopardy! Round responses

BRIDGE OF SIZE
ROYALTY
AMERICAN LITERATURE
CHOREOGRAPHERS
PSYCHOLOGY
AFTER & BEFORE
    $400 7
the George Washington Bridge

Jan
    $400 13
Sweden

Kerry
    $400 12
Breakfast at Tiffany's

Evan
    $400 1
Paula Abdul

Kerry
    $400 2
The Truman Show

Kerry
    $400 26
ante

Jan
    $800 8
England

Jan
    $800 17
Frederick the Great

Jan
    $800 14
Uncle Tom's Cabin

Jan
    $800 15
Jerome Robbins

Kerry
    $800 3
subliminal

Evan
    $800 27
(Jan: What is behind?)
(Evan: What is rear?)

posterior

JanEvan
Triple Stumper
    $1200 9
Pat Tillman

Evan
    $1200 21
King Hussein

Kerry
    $1200 16
Fahrenheit 451

Evan
    $1200 18
Martha Graham

Evan
    $1200 4
hypnosis

Kerry
    $1200 28
previously

Evan
    $1600 10
the Chesapeake

Kerry
    $1600 22
Lesotho

Triple Stumper
    $1600 24
White Fang

Triple Stumper
    $1600 19
Savion Glover

Jan
    $3,000 5
(Alex: [*] the hands, particularly.)

washing

Kerry
    $1600 29
succeeding

Evan
    $2,500 11
(Alex: You are right, in Louisiana.)

Lake Pontchartrain

Kerry
    $2000 23
elected

Evan
    $2000 25
F. Scott Fitzgerald

Triple Stumper
    $2000 20
(Busby) Berkeley

Evan
    $2000 6
(Kerry: What is desensitation--[*]?)

desensitization

Kerry
    $2000 30
ere

Evan

Scores at the end of the Double Jeopardy! Round:

Kerry Jan Evan
$18,500 $7,400 $22,600

[wagering suggestions for these scores]

Final Jeopardy! Round responses

CELEBRITY FATHERS & DAUGHTERS
[NOTE: Jan may have actually written "Who are Nat and Natalie King Cole?" but her response was accepted without comment.]
JanWho are Nat King and Natalie Cole?
$7,398
KerryWho are Nat King Cole and Natalie Cole?
$18,498
EvanWho are Elvis and Lisa Marie Presley
$14,500
Nat King Cole & Natalie Cole

Final scores:

Kerry Jan Evan
$36,998 $14,798 $8,100
5-day champion: $126,598 2nd place: $2,000 3rd place: $1,000

Game dynamics:

Coryat scores:

Kerry Jan Evan
$16,600 $7,400 $20,200
20 R
(including 2 DDs),
1 W
12 R,
1 W
23 R
(including 1 DD),
2 W

Combined Coryat: $44,200

The J! Archive is created by fans, for fans. The Jeopardy! game show and all elements thereof, including but not limited to copyright and trademark thereto, are the property of Jeopardy Productions, Inc. and are protected under law. This website is not affiliated with, sponsored by, or operated by Jeopardy Productions, Inc. Join the discussion at JBoard.tv.